Statistics for Denzel Curry quiz

Click here to take the quiz!

General Stats

  • This quiz has been taken 336 times
  • The average score is 8 of 15

Answer Stats

Finish song/album name or answer questionAnswer% Correct
Most Popular SongUltimate
88%
Feat. JIDSirens
79%
Feat. JPEGMafia, ZillaKamiVengeance
71%
Feat. Joey Bada$$Zenith
67%
MadI Got It
60%
Feat. Rick RossKnotty Head
58%
PlanetShrooms
57%
GoodNight
54%
MeNow
52%
BlackMetal Terrorist
45%
Nickname: DennyCascade
43%
LordVader Kush
42%
HateGovernment
35%
Most common Featurer for CurryTwelve'len
30%
Feat. Lil Ugly ManeZeltron 6 Billion
27%

Score Distribution

Percentile by Number Answered

Percent of People with Each Score

Your Score History

You have not taken this quiz